Top Portuguese Goalscorer in Football Competitions - Statistics

General Stats
  • This quiz has been taken 53 times
  • The average score is 7 of 17
Answer Stats
Answer % Correct
Cristiano Ronaldo
100%
Eusébio
90%
Bruno Fernandes
86%
Edite Fernandes
71%
André Silva
69%
Nani
69%
Pauleta
59%
Liédson
31%
Fernando Peyroteo
29%
Hugo Almeida
20%
Mélissa Gomes
20%
Orlando Sá
16%
Vierinha
16%
Pedro Moutinho
12%
Ana Borges
6%
Ricardo Vaz Tê
6%
Nelson Ferreira
4%
No matching quizzes found
Score Distribution
Percent of People with Each Score
Percentile by Number Answered
Your Score History
You have not taken this quiz